Le village / (Record no. 114744)

MARC details
000 -LEADER
campo de control de longitud fija 00540nam a2200169 i 4500
001 - NÚMERO DE CONTROL
campo de control 114744
003 - IDENTIFICADOR DE NÚMERO DE CONTROL
campo de control ES-MaACL
005 - FECHA Y HORA DE LA ÚLTIMA TRANSACCIÓN
campo de control 20230906190236.0
007 - CAMPO FIJO DE DESCRIPCIÓN FÍSICA--INFORMACIÓN GENERAL
campo de control de longitud fija t|
008 - DATOS DE LONGITUD FIJA--INFORMACIÓN GENERAL
campo de control de longitud fija 070322q19001940fr ||||1| fre d
100 1# - ENTRADA PRINCIPAL--NOMBRE DE PERSONA
Nombre de persona Rétif de La Bretonne, Nicolas-Edme.
9 (RLIN) 96363
245 13 - MENCIÓN DEL TÍTULO
Título Le village /
Mención de responsabilidad, etc. par Rétif de la Bretonne ; avec une introduction de Franz Funck-Brentano.
260 ## - PUBLICACIÓN, DISTRIBUCIÓN, ETC.
Lugar de publicación, distribución, etc. Paris :
Nombre del editor, distribuidor, etc. Arthème Fayard,
Fecha de publicación, distribución, etc. [19--?]
300 ## - DESCRIPCIÓN FÍSICA
Extensión 141 p. ;
Dimensiones 24 cm.
700 1# - ENTRADA AGREGADA--NOMBRE PERSONAL
Nombre de persona Funck-Brentano, Frantz (
Fechas asociadas al nombre 1862-1947)
9 (RLIN) 53022
852 ## - LOCALIZACIÓN
Ubicación ES-MaACL
Número de control de estantería C-1114
Holdings
Estatus retirado Estado de pérdida Estado de daño No para préstamo Colección Biblioteca de origen Biblioteca actual Ubicación en estantería Fecha de adquisición Fuente de adquisición Total de préstamos Signatura topográfica completa Código de barras Visto por última vez Precio de reemplazo Tipo de ítem Koha
        Libros del s. XIX Biblioteca del Ateneo de Madrid Biblioteca del Ateneo de Madrid Sala Palomar 17/01/2008     C-1114 1119657 23/02/2023 23/02/2023 Libro impreso antiguo